000 00450nam a2200181Ia 4500
001 20957
003 IN-NITTTR
005 20251114233239.0
008 251113s9999||||xx |||||||||||||| ||eng||
040 _beng
040 _cIN-NITTTR
041 _aeng
082 _a428.3 M29S
100 _aMaley, Alan
245 0 _aSounds Intriguing :
_b resource material for teachers. /
_cMaley, Alan, Duff, Alan
700 _a Duff, Alan
942 _2ddc
_cBK
999 _c23587
_d23587